000
00320nam a2200157Ia 4500
100
_a
Balabanian/N
490
_v
2
942
_c
BK
654
_a
electrical
245
_a
Electrical Science
260
_b
McGraw Hill
_a
New York
_c
1973
082
_a
621.3192
_b
BAL
300
_a
482
546
_a
ENGLISH
999
_c
24084
_d
24084